| 000 | 01363nam0a2200313 4500 | ||
|---|---|---|---|
| 001 | RU\NLR\BIBL_A\022653293 | ||
| 005 | 20260115155642.0 | ||
| 010 | _a978-5-7140-0764-4 | ||
| 021 |
_aRU _bКН-П-25-055272 _9КН-П-25-5339 |
||
| 035 | _a(NLR Aleph) 022653293 | ||
| 090 |
_a13514186 _c13514186 |
||
| 100 | _a20251024d2013 u y0rusy50 ca | ||
| 101 | 0 | _arus | |
| 102 | _aRU | ||
| 105 | _aam j 000zy | ||
| 181 | 0 |
_ai2 _baxxe |
|
| 182 | 0 | _an | |
| 200 | 1 |
_aЭлементарная теория музыки _eучеб. пособие _eдля учащихся теоретических отделений музыкальных училищ _fЛ. Красинская, В. Уткин |
|
| 203 |
_aТекст _bвизуальный _cнепосредственный |
||
| 210 |
_aМосква _cМузыка _dcop. 2013 |
||
| 215 |
_a331, [1] с. _cил., нот. _d22 |
||
| 606 | 1 |
_aМузыка _jУчебные издания для среднего профессионального образования _xТеория _9939495 _3RU\NLR\AUTH\6628685 |
|
| 686 | 1 | _aЩ310я7 | |
| 700 | 1 |
_aКрасинская _bЛ. Э. _f1911-2009 _gЛия Эммануиловна |
|
| 701 | 1 |
_aУткин _bВ. Ф. _gВалентин Федорович |
|
| 942 | _cBOOK | ||
| 980 | _aNB | ||